000 00782nam a2200265Ia 4500
003 OSt
005 20220918214401.0
006 a|||||r|||| 00| 0
007 ta
008 220917b |||||||| |||| 00| 0 eng d
024 _a137,188
037 _cTextual
040 _aARTS
_cARTS
_beng
041 _2eng
_aeng
082 _aY:3217.6, M7(906)
100 _aParkin David Ed
_920323
245 0 _aTransformations of African marriage
260 _aManchester
_bManchester University Press
_c1987
300 _ax, 350p.
_ccm.
490 _aInternational African seminars studies; 3
650 _aSOCIOLOGY
700 _a Nyamwaya David Ed
_920324
942 _hY:3217.6, M7(906)
_cTEXL
_2CC
999 _c260274
_d260274